000
00303nam a2200097Ia 4500
008
220204s9999 xx 000 0 und d
082
_a
354
_b
CIV
245
0
_a
Civil list: Indian administrative service and Indian Police Service (as on 1st January, 1957)
260
_b
Ministry of Home affairs
942
_c
BK
999
_c
19816
_d
19816